000 00509nam a2200169Ia 4500
003 GCL
008 140319s9999 xx 000 0 ara d
040 _aGCL /
_cGCL
082 0 4 _a813.03
_bس ك
100 1 _aساراماغو، جوزيه
245 1 0 _aكل الاسماء /
_cساراماغو، جوزيه
260 _aالقاهرة :
_bوزارة الثقافة
300 _a137 ص ؛
_c16 سم
650 0 4 _aالقصص المترجمة
650 0 4 _aساراماغو، جوزيه
942 _2ddc
_cBK
999 _c33156
_d33156